General Knowledge Quiz 5000 - Statistics

General Stats
  • This quiz has been taken 178 times
  • The average score is 6 of 15
Answer Stats
Hint Answer % Correct
What is the largest mammal in the world Blue Whale
77%
Which indoor sport is the most popular in the U.S. Basketball
71%
What sport can you get a headlock Wrestling
70%
Which golf player's mom is from Thailand Tiger Woods
60%
In which country was golf first played Scotland
58%
Which instrument did Miles Davis play? Trumpet
56%
Which country hosted the 2008 Olympics China
53%
How many legs do butterflies have? Six
53%
Smallest ocean in the world Arctic
45%
Who was the writer of Alice and the Wonderland Lewis Carroll
38%
What material is a rhino's horn made out of Hair
25%
Who was the creator of Jeeves and Wooster P.G. Wodehouse
12%
What word did Peyton Manning yell that was a play? Omaha
11%
When did baseball originate in the U.S. 19th Century
3%
Who's dad will not shut up about how good his son is Lonzo Ball
2%
No matching quizzes found
Score Distribution
Percent of People with Each Score
Percentile by Number Answered
Your Score History
You have not taken this quiz